000 00541nam a22001697a 4500
999 _c62541
_d62541
005 20241203120740.0
008 241203s2021 enk||||| |||| 00| 0 eng d
020 _a9781642252989x
041 _aeng
080 _a159.955 : 005 R-77
100 _a Root, Carrie
_923848
245 _aThe Other Soft Skill:
_bHow to Solve Workplace Challenges with Generational Intelligence /
_cCarrie Root.
264 _aNew York :
_bAdvantage,
_c2021.
300 _a75 p.;
_b20 cm.
653 _aფსიქოლოგია
942 _2udc
_cᲬᲘᲒᲜᲘ